Most Racist Cities in the United States - Statistics

General Stats
  • This quiz has been taken 195 times
  • The average score is 7 of 15
Answer Stats
Rate City % Correct
40.95 New York City
90%
47.15 Chicago
74%
42.92 Houston
71%
41.43 Dallas
68%
49.69 Atlanta
60%
61.47 Detroit
59%
42.91 Washington, D.C.
55%
45.94 Philadelphia
53%
62.79 Memphis
44%
53.33 Baltimore
39%
40.89 Minneapolis
38%
42.39 Kansas City
35%
50.00 Milwaukee
34%
46.04 Oakland
7%
40.54 Long Beach
6%
No matching quizzes found
Score Distribution
Percent of People with Each Score
Percentile by Number Answered
Your Score History
You have not taken this quiz